[Event "Ruhrgebiet Verbandsliga Gruppe 1 1718"]
[Site "Germany"]
[Date "2018.01.14"]
[Round "5.8"]
[White "Gitschel, Ralf"]
[Black "Rother, Josef"]
[Result "1-0"]
[WhiteElo "1855"]
[BlackElo "1849"]
[PlyCount "53"]
[EventDate "2017.09.17"]
[EventType "team-tourn"]
[EventRounds "9"]
[EventCountry "GER"]
[SourceTitle "EXT 2022"]
[Source "ChessBase"]
[SourceDate "2021.10.06"]
[SourceVersion "1"]
[SourceVersionDate "2021.10.06"]
[SourceQuality "1"]
[WhiteTeam "Eichlinghofen SV"]
[BlackTeam "Essen Werden"]
[WhiteTeamCountry "GER"]
[BlackTeamCountry "GER"]

1. g3 d5 2. d4 c6 3. Bg2 Nf6 4. Nf3 e6 5. 0-0 Nbd7 6. Re1 Bb4 7. Nbd2 0-0 8. c3 Bd6 9. e4 dxe4 10. Nxe4 Be7 11. Nxf6+ Nxf6 12. Qc2 h6 13. a3 c5 14. dxc5 Bxc5 15. b4 Bb6 16. c4 Bc7 17. Bb2 Qe7 18. Nd4 a6 19. Rad1 Rb8 20. Nf5 Qe8 21. Nxh6+ Kh8 22. Bxf6 gxf6 23. Qe2 Rg8 24. Nxg8 Kxg8 25. Rd4 Kf8 26. Qh5 Ke7 27. Qc5+ 1-0

[Event "Miedzyzdroje OB Seniors 24th"]
[Site "Miedzyzdroje"]
[Date "2016.06.21"]
[Round "5"]
[White "Lewandowski, Tadeusz"]
[Black "Rother, Josef"]
[Result "0-1"]
[WhiteElo "1753"]
[BlackElo "1949"]
[PlyCount "51"]
[EventDate "2016.06.17"]
[EventType "swiss"]
[EventRounds "9"]
[EventCountry "POL"]
[SourceTitle "EXT 2019"]
[Source "ChessBase"]
[SourceDate "2018.10.10"]
[SourceVersion "1"]
[SourceVersionDate "2018.10.10"]
[SourceQuality "1"]

1. d4 d5 2. c4 c6 3. Nf3 Nf6 4. Nc3 e6 5. e3 Nbd7 6. cxd5 exd5 7. Bd3 Bb4 8. 0-0 0-0 9. Qc2 g6 10. a3 Bd6 11. e4 dxe4 12. Nxe4 Nxe4 13. Bxe4 Nf6 14. Bd3 Qc7 15. Bg5 Nd5 16. Rfe1 Bf4 17. Bxf4 Qxf4 18. Re4 Qf6 19. Rae1 Bf5 20. Re5 Bxd3 21. Qxd3 Rad8 22. Qe4 a6 23. Qg4 Nf4 24. R1e4 Ne6 25. h4 Rd5 26. Rxd5 0-1

[Event "GER-chA Seniors 26th"]
[Site "Bad Neuenahr"]
[Date "2014.08.10"]
[Round "6"]
[White "Rother, Josef"]
[Black "Opitz, Christian"]
[Result "1-0"]
[WhiteElo "1899"]
[BlackElo "2022"]
[PlyCount "89"]
[EventDate "2014.08.05"]
[EventType "swiss"]
[EventRounds "9"]
[EventCountry "GER"]
[SourceTitle "EXT 2018"]
[Source "ChessBase"]
[SourceDate "2017.10.13"]
[SourceVersion "1"]
[SourceVersionDate "2017.10.13"]
[SourceQuality "1"]

1. d4 Nf6 2. Bg5 e6 3. e4 Be7 4. e5 Nd5 5. Bxe7 Nxe7 6. f4 d5 7. Nf3 c5 8. c3 cxd4 9. cxd4 Qb6 10. Qd2 Nbc6 11. Nc3 Bd7 12. Na4 Qb4 13. Nc3 a6 14. a3 Qb3 15. Bd3 Rc8 16. 0-0 g6 17. Bc2 Qb6 18. Na4 Qa7 19. Nc3 h5 20. g3 Nf5 21. Bxf5 gxf5 22. Rad1 b5 23. b4 Ke7 24. Ne2 a5 25. Rc1 axb4 26. axb4 Qa3 27. Rb1 Ra8 28. Ne1 Ra4 29. Nc2 Qa2 30. Nc3 Qc4 31. Nxa4 bxa4 32. Rf3 Rc8 33. Rc3 Nxd4 34. Rxc4 Nf3+ 35. Kf2 Nxd2 36. Rxc8 Bxc8 37. Ra1 Bd7 38. Nd4 Nb3 39. Nxb3 axb3 40. Ke3 Bb5 41. Kd2 d4 42. Ra7+ Ke8 43. Ra5 d3 44. Kc3 Bc4 45. Rc5 1-0

[Event "GER-chA Seniors 26th"]
[Site "Bad Neuenahr"]
[Date "2014.08.08"]
[Round "4"]
[White "Rother, Josef"]
[Black "Siegmund, Rainer"]
[Result "1-0"]
[WhiteElo "1899"]
[BlackElo "2145"]
[PlyCount "70"]
[EventDate "2014.08.05"]
[EventType "swiss"]
[EventRounds "9"]
[EventCountry "GER"]
[SourceTitle "EXT 2018"]
[Source "ChessBase"]
[SourceDate "2017.10.13"]
[SourceVersion "1"]
[SourceVersionDate "2017.10.13"]
[SourceQuality "1"]

1. d4 Nf6 2. Bg5 d5 3. Bxf6 exf6 4. e3 Bd6 5. Bd3 0-0 6. Ne2 f5 7. 0-0 g6 8. c4 dxc4 9. Bxc4 Nd7 10. Nbc3 c6 11. a3 Nf6 12. d5 c5 13. Qc2 Bxh2+ 14. Kxh2 Ng4+ 15. Kg3 Ne5 16. Ne4 fxe4 17. Qxe4 Qd6 18. f4 Ng4 19. Qd3 f5 20. b4 b6 21. bxc5 bxc5 22. Nc3 Nf6 23. Nb5 Qd8 24. d6+ Kg7 25. Qc3 Kh6 26. Rh1+ Nh5+ 27. Kf2 Bd7 28. Rad1 Qf6 29. Qe5 Rae8 30. Qxc5 Qb2+ 31. Be2 Bxb5 32. Qxb5 Qxa3 33. Rd3 Qa2 34. g4 fxg4 35. Qg5+ Kg7 1-0

[Event "GER-chA Seniors 26th"]
[Site "Bad Neuenahr"]
[Date "2014.08.07"]
[Round "3"]
[White "Emami, Madjid"]
[Black "Rother, Josef"]
[Result "1-0"]
[WhiteElo "2003"]
[BlackElo "1899"]
[PlyCount "69"]
[EventDate "2014.08.05"]
[EventType "swiss"]
[EventRounds "9"]
[EventCountry "GER"]
[SourceTitle "EXT 2018"]
[Source "ChessBase"]
[SourceDate "2017.10.13"]
[SourceVersion "1"]
[SourceVersionDate "2017.10.13"]
[SourceQuality "1"]

1. Nf3 d5 2. g3 c5 3. Bg2 e6 4. 0-0 Nf6 5. d3 Be7 6. Nbd2 0-0 7. c3 Nc6 8. Qc2 h6 9. Re1 e5 10. e4 d4 11. a4 Rb8 12. Nc4 Qc7 13. Ncxe5 Nxe5 14. Nxe5 Qxe5 15. Bf4 Qh5 16. Bxb8 Bh3 17. Bxa7 Ng4 18. Bxh3 Qxh3 19. f4 Rd8 20. c4 Ne3 21. Rxe3 dxe3 22. Re1 Qe6 23. a5 g5 24. fxg5 hxg5 25. Rxe3 Qe5 26. Qc3 Rd4 27. Qb3 Rd7 28. Rf3 Qd4+ 29. Kg2 g4 30. Rf4 Qe3 31. Qd1 Rxd3 32. Qxg4+ Kf8 33. Qh5 f6 34. Rxf6+ Bxf6 35. Bxc5+ 1-0

[Event "Ruhrgebiet Verbandsliga1 1112"]
[Site "Nordrheinwestfalen"]
[Date "2012.02.12"]
[Round "6.5"]
[White "Rother, Josef"]
[Black "Boost, Juergen"]
[Result "1/2-1/2"]
[WhiteElo "1780"]
[BlackElo "1851"]
[PlyCount "36"]
[EventDate "2012.09.18"]
[EventType "team-tourn"]
[EventRounds "9"]
[EventCountry "GER"]
[SourceTitle "EXT 2020"]
[Source "ChessBase"]
[SourceDate "2019.10.17"]
[SourceVersion "1"]
[SourceVersionDate "2019.10.17"]
[SourceQuality "1"]
[WhiteTeam "Essen Ueberruhr"]
[BlackTeam "Gerthe Werne"]
[WhiteTeamCountry "GER"]
[BlackTeamCountry "GER"]

1. d4 d5 2. Bg5 Nf6 3. Bxf6 exf6 4. c4 Bb4+ 5. Nc3 Nc6 6. cxd5 Qxd5 7. e3 0-0 8. Nf3 Bg4 9. Be2 Rad8 10. 0-0 Qa5 11. Qb3 Be6 12. Bc4 Bxc4 13. Qxc4 Bd6 14. Ne4 Qb6 15. Nxd6 Rxd6 16. Rfc1 Rc8 17. Rab1 Ne7 18. Qc5 Qxc5 1/2-1/2

[Event "Ruhrgebiet Verbandsliga1 1112"]
[Site "Nordrheinwestfalen"]
[Date "2011.12.11"]
[Round "4.7"]
[White "Ebert, Manfred"]
[Black "Rother, Josef"]
[Result "1/2-1/2"]
[WhiteElo "1873"]
[BlackElo "1780"]
[PlyCount "111"]
[EventDate "2012.09.18"]
[EventType "team-tourn"]
[EventRounds "9"]
[EventCountry "GER"]
[SourceTitle "EXT 2020"]
[Source "ChessBase"]
[SourceDate "2019.10.17"]
[SourceVersion "1"]
[SourceVersionDate "2019.10.17"]
[SourceQuality "1"]
[WhiteTeam "Buer SF"]
[BlackTeam "Essen Ueberruhr"]
[WhiteTeamCountry "GER"]
[BlackTeamCountry "GER"]

1. c4 c6 2. g3 d5 3. cxd5 cxd5 4. Bg2 e6 5. d4 Qb6 6. Nf3 Nf6 7. 0-0 Be7 8. Nc3 Nc6 9. b3 a5 10. Qd3 Qa6 11. Qxa6 Rxa6 12. Bf4 0-0 13. Nb5 Na7 14. Nxa7 Rxa7 15. Ne5 Ba3 16. Nd3 b6 17. Bc1 Bd6 18. Bb2 Ba6 19. Rfc1 Bxd3 20. exd3 Rb8 21. Rc6 Bf8 22. Rac1 g6 23. Bf3 a4 24. Bd1 axb3 25. Bxb3 Ba3 26. Rc8+ Rxc8 27. Rxc8+ Kg7 28. Bc3 Rb7 29. h3 b5 30. Kf1 Ng8 31. Ra8 b4 32. Bd2 Ne7 33. Ra6 Nf5 34. Be3 Bb2 35. g4 Nxd4 36. Bxd4+ Bxd4 37. Rc6 g5 38. Ke2 Rd7 39. Kf3 Kg6 40. Kg2 h5 41. Rc8 hxg4 42. hxg4 Kf6 43. Rb8 Bc3 44. Kf3 Ke5 45. Ke3 f6 46. Rh8 Rc7 47. Rh1 f5 48. gxf5 exf5 49. Rh8 Bd4+ 50. Ke2 Bc5 51. Re8+ Re7 52. Rxe7+ Bxe7 53. Kf3 d4 54. Bc4 Kf6 55. Kg3 g4 56. f4 1/2-1/2

[Event "Ruhrgebiet Verbandsliga1 1112"]
[Site "Nordrheinwestfalen"]
[Date "2011.09.18"]
[Round "1.7"]
[White "Rother, Josef"]
[Black "Blum, Alfred"]
[Result "1/2-1/2"]
[WhiteElo "1780"]
[BlackElo "1792"]
[PlyCount "97"]
[EventDate "2012.09.18"]
[EventType "team-tourn"]
[EventRounds "9"]
[EventCountry "GER"]
[SourceTitle "EXT 2020"]
[Source "ChessBase"]
[SourceDate "2019.10.17"]
[SourceVersion "1"]
[SourceVersionDate "2019.10.17"]
[SourceQuality "1"]
[WhiteTeam "Essen Ueberruhr"]
[BlackTeam "Katernberg SF III"]
[WhiteTeamCountry "GER"]
[BlackTeamCountry "GER"]

1. d4 Nf6 2. Bg5 d5 3. Bxf6 exf6 4. e3 Bf5 5. Bd3 Bxd3 6. Qxd3 Bd6 7. Qb5+ Nd7 8. Qxd5 Rb8 9. Qe4+ Be7 10. Nf3 0-0 11. 0-0 g6 12. c4 f5 13. Qc2 Bf6 14. Nc3 c6 15. b4 Qe7 16. Rab1 Rfd8 17. b5 c5 18. d5 g5 19. Rfe1 g4 20. Nd2 Qe5 21. Ne2 Re8 22. Ng3 f4 23. exf4 Qxe1+ 24. Rxe1 Rxe1+ 25. Ndf1 Bd4 26. Nf5 Rbe8 27. Nxd4 cxd4 28. Qf5 d3 29. Qxd3 Rc1 30. Qf5 Ree1 31. Qxg4+ Kf8 32. g3 Rxf1+ 33. Kg2 Rg1+ 34. Kf3 Nb6 35. Qh4 Kg7 36. Qg5+ Kf8 37. d6 Rxc4 38. Qe7+ Kg7 39. d7 Nxd7 40. Qxd7 Rgc1 41. Qxb7 Rc7 42. Qe4 R1c2 43. h4 R2c4 44. Qe5+ Kg8 45. a4 R4c5 46. Qe8+ Kg7 47. a5 Rb7 48. b6 Rxa5 49. bxa7 1/2-1/2

[Event "Ruhrgebiet VK1 0910"]
[Site "Ruhrgebiet"]
[Date "2010.04.18"]
[Round "9.4"]
[White "Rother, Josef"]
[Black "Panofen, Ingo"]
[Result "1/2-1/2"]
[WhiteElo "1871"]
[BlackElo "1913"]
[PlyCount "33"]
[EventDate "2009.09.06"]
[EventType "team"]
[EventRounds "9"]
[EventCountry "GER"]
[SourceTitle "EXT 2011"]
[Source "ChessBase"]
[SourceDate "2010.11.26"]
[SourceVersion "1"]
[SourceVersionDate "2010.11.26"]
[SourceQuality "1"]
[WhiteTeam "Essen Ueberruhr II"]
[BlackTeam "Castrop Rauxel II"]
[WhiteTeamCountry "GER"]
[BlackTeamCountry "GER"]

1. d4 d5 2. Bg5 Nd7 3. e3 Ngf6 4. c4 e6 5. cxd5 exd5 6. Nc3 Be7 7. Bd3 0-0 8. Nf3 c6 9. 0-0 Re8 10. Rc1 Ne4 11. Bxe7 Qxe7 12. Nd2 Ndf6 13. Ndxe4 dxe4 14. Bc4 Be6 15. Qb3 Bxc4 16. Qxc4 Rad8 17. b4 1/2-1/2

[Event "GER-ch Seniors Gp-A 19th"]
[Site "Templin"]
[Date "2007.08.27"]
[Round "5"]
[White "Hoppe, Rainer"]
[Black "Rother, Josef"]
[Result "1-0"]
[WhiteElo "1838"]
[BlackElo "1667"]
[PlyCount "43"]
[EventDate "2007.08.23"]
[EventType "swiss"]
[EventRounds "9"]
[EventCountry "GER"]
[SourceTitle "EXT 2022"]
[Source "ChessBase"]
[SourceDate "2021.10.06"]
[SourceVersion "1"]
[SourceVersionDate "2021.10.06"]
[SourceQuality "1"]

1. e4 c5 2. c3 d6 3. d4 cxd4 4. cxd4 Nf6 5. Nc3 g6 6. Nf3 Bg7 7. h3 0-0 8. Be2 a6 9. 0-0 b5 10. a3 Bb7 11. Qd3 Nbd7 12. Be3 Rc8 13. Rac1 e5 14. b4 Re8 15. d5 Nb6 16. Nxb5 Nbxd5 17. Rxc8 Bxc8 18. Nc3 Nxc3 19. Qxc3 Nxe4 20. Qc6 d5 21. Rd1 Qf6 22. Qxe8+ 1-0

[Event "Essen op04"]
[Site "Essen"]
[Date "2005.04.18"]
[Round "7"]
[White "Streier, Wilhelm"]
[Black "Rother, Josef"]
[Result "0-1"]
[WhiteElo "1455"]
[BlackElo "1723"]
[PlyCount "42"]
[EventDate "2005.04.04"]
[EventType "swiss"]
[EventRounds "9"]
[EventCountry "GER"]
[SourceTitle "EXT 2007"]
[Source "ChessBase"]
[SourceDate "2006.11.23"]
[SourceVersion "1"]
[SourceVersionDate "2006.11.23"]
[SourceQuality "1"]

1. d4 d5 2. Nf3 c6 3. e3 e6 4. Bd3 Nf6 5. c3 Nbd7 6. Nbd2 Bd6 7. 0-0 0-0 8. Re1 e5 9. e4 dxe4 10. Nxe4 Nxe4 11. Rxe4 f5 12. Bc4+ Kh8 13. Rh4 Be7 14. Rxh7+ Kxh7 15. Nxe5 g6 16. Bf4 Nxe5 17. Bxe5 Bd6 18. Qe2 Bxe5 19. dxe5 Qe7 20. f4 Be6 21. Rd1 Qc5+ 0-1

[Event "Essen op04"]
[Site "Essen"]
[Date "2005.04.06"]
[Round "3"]
[White "Rother, Josef"]
[Black "Mader, Josef"]
[Result "1-0"]
[WhiteElo "1723"]
[BlackElo "1524"]
[PlyCount "87"]
[EventDate "2005.04.04"]
[EventType "swiss"]
[EventRounds "9"]
[EventCountry "GER"]
[SourceTitle "EXT 2007"]
[Source "ChessBase"]
[SourceDate "2006.11.23"]
[SourceVersion "1"]
[SourceVersionDate "2006.11.23"]
[SourceQuality "1"]

1. d4 d5 2. Bg5 g6 3. e3 Bg7 4. c4 c6 5. Nc3 Nf6 6. Nf3 0-0 7. Qb3 e6 8. Be2 h6 9. Bh4 Nbd7 10. 0-0 Qb6 11. Qc2 Re8 12. c5 Qd8 13. Bg3 Nh7 14. e4 Ng5 15. Nxg5 Qxg5 16. h4 Qe7 17. e5 Nf8 18. Bd3 f5 19. b4 a6 20. a4 Bd7 21. b5 cxb5 22. axb5 a5 23. Na4 g5 24. hxg5 Qxg5 25. Nb6 f4 26. Nxa8 fxg3 27. Nc7 Qh4 28. fxg3 Qxd4+ 29. Kh2 Qxe5 30. Nxe8 Qh5+ 31. Kg1 Bd4+ 32. Rf2 Bxe8 33. Rxa5 Qe5 34. Ra8 Qe1+ 35. Bf1 Bf7 36. c6 bxc6 37. bxc6 Kg7 38. Rxf8 Kxf8 39. c7 Bxf2+ 40. Qxf2 Qc3 41. Qb6 Be8 42. Qd6+ Kf7 43. Ba6 Bc6 44. c8Q 1-0

[Event "Ruhrgebiet-ch Seniors 10th"]
[Site "Essen"]
[Date "2003.04.08"]
[Round "8"]
[White "Weddeling, Franz"]
[Black "Rother, Josef"]
[Result "0-1"]
[WhiteElo "1475"]
[BlackElo "1841"]
[PlyCount "54"]
[EventDate "2003.04.??"]
[EventType "swiss"]
[EventRounds "9"]
[EventCountry "GER"]
[SourceTitle "EXT 2006"]
[Source "ChessBase"]
[SourceDate "2005.11.24"]
[SourceVersion "1"]
[SourceVersionDate "2005.11.24"]
[SourceQuality "1"]

1. e4 c5 2. Nf3 d6 3. d4 cxd4 4. Nxd4 Nf6 5. Nc3 g6 6. Bd3 Bg7 7. 0-0 0-0 8. Be3 Ng4 9. Qf3 Nxe3 10. Qxe3 Nc6 11. Nce2 Nxd4 12. Nxd4 Qb6 13. c3 Qxb2 14. Bc4 Qa3 15. Rfb1 a6 16. Rb3 Qc5 17. Rb4 a5 18. Ra4 Bd7 19. Nb5 Qxe3 20. fxe3 Bxb5 21. Bxb5 Bxc3 22. Rd1 Bb4 23. Kf2 b6 24. Kf3 Rac8 25. a3 Rc5 26. Rd5 Bc3 27. Rxc5 dxc5 0-1

[Event "Ruhrgebiet-ch Seniors 10th"]
[Site "Essen"]
[Date "2003.03.24"]
[Round "1"]
[White "Rother, Josef"]
[Black "Arfert, Peter"]
[Result "1-0"]
[WhiteElo "1841"]
[BlackElo "1509"]
[PlyCount "83"]
[EventDate "2003.04.??"]
[EventType "swiss"]
[EventRounds "9"]
[EventCountry "GER"]
[SourceTitle "EXT 2006"]
[Source "ChessBase"]
[SourceDate "2005.11.24"]
[SourceVersion "1"]
[SourceVersionDate "2005.11.24"]
[SourceQuality "1"]

1. d4 Nf6 2. Bg5 c5 3. Bxf6 gxf6 4. dxc5 Qa5+ 5. Nc3 Qxc5 6. e3 b6 7. Qd5 Qxd5 8. Nxd5 Kd8 9. 0-0-0 Nc6 10. Nf3 Rb8 11. Be2 b5 12. Nd4 Nxd4 13. Rxd4 Rg8 14. g3 Rg6 15. Rhd1 d6 16. Rb4 a6 17. a4 Bd7 18. axb5 Bxb5 19. Bxb5 Rxb5 20. Rxb5 axb5 21. h4 Kd7 22. Nc3 Kc6 23. Kd2 Rg4 24. Ra1 b4 25. Ne2 Kb7 26. Ra4 e5 27. f3 Rc4 28. b3 Rc6 29. Rxb4+ Rb6 30. Rxb6+ Kxb6 31. Kd3 d5 32. e4 d4 33. Kc4 Kc6 34. c3 dxc3 35. Nxc3 Bc5 36. g4 Be7 37. Nd5 Bd8 38. b4 f5 39. h5 fxe4 40. fxe4 h6 41. b5+ Kb7 42. Kc5 1-0